BREAKING THE MODUL REIMAGING INDIA ECONOMIC FUTURE (Record no. 1218381)

MARC details
000 -LEADER
fixed length control field 00465nam a2200169Ia 4500
008 - FIXED-LENGTH DATA ELEMENTS--GENERAL INFORMATION
fixed length control field 260330s2025 xx 000 0 und d
020 ## - INTERNATIONAL STANDARD BOOK NUMBER
International Standard Book Number 978-0-07-053246-5
041 ## - LANGUAGE CODE
Language code of text/sound track or separate title eng
082 ## - DEWEY DECIMAL CLASSIFICATION NUMBER
Classification number 330
Item number RRL
100 ## - MAIN ENTRY--PERSONAL NAME
Personal name RAJAN, RAGHURAM/LAMBA ROHIT
245 ## - TITLE STATEMENT
Title BREAKING THE MODUL REIMAGING INDIA ECONOMIC FUTURE
260 ## - PUBLICATION, DISTRIBUTION, ETC.
Name of publisher, distributor, etc. PENGUIN BOOKS LTD. PUNE
Date of publication, distribution, etc. 2025
300 ## - PHYSICAL DESCRIPTION
Extent 1240pg
Other physical details PB
365 ## - TRADE PRICE
Currency code Rs.
650 ## - SUBJECT ADDED ENTRY--TOPICAL TERM
Topical term or geographic name entry element Economics
700 ## - ADDED ENTRY--PERSONAL NAME
Personal name RAJAN, RAGHURAM/LAMBA ROHIT
Holdings
Withdrawn status Lost status Damaged status Not for loan Home library Current library Date acquired Source of acquisition Cost, normal purchase price Total Checkouts Full call number Barcode Date last seen Cost, replacement price Price effective from Koha item type
        Abhijit Kadam Institute of Management & Social Science, Solapur Abhijit Kadam Institute of Management & Social Science, Solapur 01/03/2026 Pradip Book Dist. 359.10   330/RRL AKS-C-04861 30/03/2026 359.10 30/03/2026 Book